书目信息 |
| 题名: |
权力与财富
|
|
| 作者: | 庞中英 著 | |
| 分册: | ||
| 出版信息: | 济南 山东人民出版社 2002 |
|
| 页数: | 337页 | |
| 开本: | 21cm | |
| 丛书名: | ||
| 单 册: | ||
| 中图分类: | F110 , F741 , F110 | |
| 科图分类: | ||
| 主题词: | 对外经济政策--影响--国际关系--研究 , 对外经济政策 , 经济--世界 , 国际经济关系 , 经济--世界 , 国际经济关系 | |
| 电子资源: | ||
| ISBN: | 7-209-02954-0 | |
| 000 | 01104nam0 2200325 450 | |
| 001 | 1138846741 | |
| 005 | 20111004104949.10 | |
| 010 | @a7-209-02954-0@dCNY19.80 | |
| 100 | @a20020510d2002 emky0chiy0110 ea | |
| 101 | 0 | @achi |
| 102 | @aCN@b370000 | |
| 105 | @ay z 000yy | |
| 106 | @ar | |
| 200 | 1 | @a权力与财富@Aquan li yu cai fu@b专著@e全球化下的经济民族主义与国际关系@f庞中英著 |
| 210 | @a济南@c山东人民出版社@d2002 | |
| 215 | @a337页@d21cm | |
| 330 | @a本书主要探索关于经济民族主义问题的国际政治经济学观点,试图通过对全球化进程中民族主义与国际关系的分析,来说明、解释当今世界的国际政治经济。 | |
| 517 | 1 | @a全球化下的经济民族主义与国际关系@Aquan qiu hua xia de jing ji min zu zhu yi yu guo ji guan xi |
| 606 | 0 | @a对外经济政策@x影响@x国际关系@x研究 |
| 606 | 0 | @a对外经济政策 |
| 606 | 0 | @a经济@x世界 |
| 606 | 0 | @a国际经济关系 |
| 606 | 0 | @a经济@x世界 |
| 606 | 0 | @a国际经济关系 |
| 690 | @aF110@v4 | |
| 690 | @aF741@v4 | |
| 690 | @aF110@v4 | |
| 701 | 0 | @a庞中英@f(1962.12~)@Apang zhong ying@4著 |
| 801 | 0 | @aCN@bNLC@c20020516 |
| 905 | @a10447@dF110@eJY63 | |
| 权力与财富:全球化下的经济民族主义与国际关系/庞中英著 .-济南:山东人民出版社,2002 |
| 337页;21cm |
| ISBN 7-209-02954-0:CNY19.80 |
| 本书主要探索关于经济民族主义问题的国际政治经济学观点,试图通过对全球化进程中民族主义与国际关系的分析,来说明、解释当今世界的国际政治经济。 |
| ● |
| 相关链接 |
|
|
|
|
正题名:权力与财富
索取号:F110/JY63
 
预约/预借
| 序号 | 登录号 | 条形码 | 馆藏地/架位号 | 状态 | 备注 |
| 1 | 7813422 | 278134225 | 学院路分馆/ [索取号:F110/JY63] | 在馆 | |
| 2 | 7813423 | 278134234 | 学院路分馆/ [索取号:F110/JY63] | 在馆 | |
| 3 | 7813424 | 278134243 | 学院路分馆/ [索取号:F110/JY63] | 在馆 |